Normal view
MARC view
Entry Topical Term
001 - CONTROL NUMBER
- control field: 72729
003 - CONTROL NUMBER IDENTIFIER
- control field: OSt
005 - DATE AND TIME OF LATEST TRANSACTION
- control field: 20180605170512.0
008 - FIXED-LENGTH DATA ELEMENTS
- fixed length control field: 180605|| aca||aabn | a|a d
040 ## - CATALOGING SOURCE
- Original cataloging agency: OSt
- Transcribing agency: OSt
150 ## - HEADING--TOPICAL TERM
- Topical term or geographic name entry element: साहित्य
670 ## - SOURCE DATA FOUND
- Source citation: Work cat.: (OSt): गुप्त, सुभाषचन्द्र 72728, रामवृ्क्ष बेनीपुरी व्यक्ति और अभिव्यक्ति , 2016









